000 00658nam a2200241Ia 4500
005 20250425162616.0
008 250425s9999 xx 000 0 und d
020 _a0324202334
041 _aeng
082 _a658
100 _aSWEENEY, DENNIS J.
245 0 _aAN INTRODUCTION TO MANAGEMENT SCIENCE: QUANTITATIVE APPROACHES TO DECISION MAKING
250 _a11TH ED.
260 _aEstados Unidos
_bTHOMSON SOUTH-WESTERN
_c2005
260 _aMASON CITY
300 _a907
500 _aINCLUYE 1 CD
650 _aCIENCIAS DE LA ADMINISTRACION
700 _aANDERSON, DAVID R.
700 _aWILLIAMS, THOMAS A.
942 _c01
010 _a90177
999 _c232758
_d232758